Linear algebra : (Record no. 133166)

MARC details
000 -LEADER
fixed length control field 00687nam a22002417a 4500
005 - DATE AND TIME OF LATEST TRANSACTION
control field 20170124110205.0
010 ## - LIBRARY OF CONGRESS CONTROL NUMBER
LC control number A-998989
020 ## - INTERNATIONAL STANDARD BOOK NUMBER
Terms of availability 150.00
International Standard Book Number 8120316282
035 ## - SYSTEM CONTROL NUMBER
System control number A-998989
037 ## - SOURCE OF ACQUISITION
Source of stock number/acquisition Cen Lib/Ret
040 ## - CATALOGING SOURCE
Original cataloging agency DPL
Language of cataloging EN
082 ## - DEWEY DECIMAL CLASSIFICATION NUMBER
Classification number 512.5
Item number KUM
100 ## - MAIN ENTRY--PERSONAL NAME
Personal name Kumaresan, S.
9 (RLIN) 37037
245 ## - TITLE STATEMENT
Title Linear algebra :
Statement of responsibility, etc by S.Kumaresan
Remainder of title a geometric approach /
260 ## - PUBLICATION, DISTRIBUTION, ETC. (IMPRINT)
Place of publication, distribution, etc New Delhi
Name of publisher, distributor, etc Prentice Hall
Date of publication, distribution, etc 2000
270 ## - ADDRESS
Address M-97, Connaught Circus
City New Delhi
Postal code 110001
300 ## - PHYSICAL DESCRIPTION
Extent xii,218p.
Dimensions 22cm(Hb)
500 ## - GENERAL NOTE
General note Includes index
650 ## - SUBJECT ADDED ENTRY--TOPICAL TERM
Topical term or geographic name as entry element Algebras, Linear
9 (RLIN) 37038
650 ## - SUBJECT ADDED ENTRY--TOPICAL TERM
Topical term or geographic name as entry element Geometry
9 (RLIN) 37039
700 ## - ADDED ENTRY--PERSONAL NAME
9 (RLIN) 36959
942 ## - ADDED ENTRY ELEMENTS (KOHA)
Source of classification or shelving scheme Dewey Decimal Classification
Koha item type English Books
Classification part 512.5
Call number suffix KUM
Holdings
Withdrawn status Lost status Damaged status Not for loan Home library Current library Date acquired Source of acquisition Cost, normal purchase price Total Checkouts Total Renewals Full call number Barcode Date last seen Date checked out Copy number Cost, replacement price Price effective from Koha item type
        Central Library Central Library 24/07/2015 Cen Lib/Ret 150.00 4 1 512.5 KUM A-998989 20/11/2023 04/11/2023 1 150.00 24/07/2015 English Books

© Delhi Public Library
Hit Counter
free hit counter